ДИДАКТИЧЕСКИЕ материалы к практическим занятиям по математике для слушателей вечернего подготовительного отделения (Запись № 6752099)
[ простой вид ]
| 000 -МАРКЕР | |
|---|---|
| контрольное поле | 01287nam1a22002411i 4500 |
| 001 - ИДЕНТИФИКАТОР ЗАПИСИ | |
| контрольное поле | rc\600638 |
| 005 - ИДЕНТИФИКАТОР ВЕРСИИ | |
| контрольное поле | 20260406163018.0 |
| 035 ## - ДРУГИЕ СИСТЕМНЫЕ НОМЕРА | |
| Идентификатор записи | (NLR Aleph) 005949542 |
| 100 ## - ДАННЫЕ ОБЩЕЙ ОБРАБОТКИ | |
| Данные общей обработки | 20031121d1986 u |0rusy50 ca |
| 101 0# - ЯЗЫК РЕСУРСА | |
| Язык текста, звукозаписи и т.д. | русский |
| 102 ## - СТРАНА ПУБЛИКАЦИИ ИЛИ ПРОИЗВОДСТВА | |
| Страна публикации | Российская Федерация |
| 105 ## - ПОЛЕ КОДИРОВАННЫХ ДАННЫХ: ТЕКСТОВЫЕ МАТЕРИАЛЫ, МОНОГРАФИЧЕСКИЕ | |
| Кодированные данные о монографическом текстовом документе | y ||||||||| |
| 200 1# - ЗАГЛАВИЕ И СВЕДЕНИЯ ОБ ОТВЕТСТВЕННОСТИ | |
| Основное заглавие | ДИДАКТИЧЕСКИЕ материалы к практическим занятиям по математике для слушателей вечернего подготовительного отделения |
| Сведения, относящиеся к заглавию | (Практ. занятия...) |
| Первые сведения об ответственности | М-во высш. и сред. спец. образования БССР, Белорус. политехн. ин-т. Каф. высш. математики № 2 |
| Последующие сведения об ответственности | [Сост. Л.В. Егорова и др.] |
| 210 ## - ПУБЛИКАЦИЯ, РАСПРОСТРАНЕНИЕ И ДР. | |
| Место издания, распространения и т.д. | Минск |
| Имя издателя, распространителя и т. д. | БПИ |
| Дата издания, распространения и т.д. | 1986 |
| 215 ## - ФИЗИЧЕСКАЯ ХАРАКТЕРИСТИКА | |
| Размеры | 20 |
| 702 #1 - ИМЯ ЛИЦА - ВТОРИЧНАЯ ОТВЕТСТВЕННОСТЬ | |
| Код отношения | Составитель |
| Начальный элемент ввода | Попов |
| Часть имени, кроме начального элемента ввода | Г. С. |
| Дополнения к именам, кроме дат | канд. техн. наук, гор. дело |
| Расширение инициалов личного имени | Геннадий Семенович |
| Системный номер авторитетной/нормативной записи | 237405 |
| Идентификатор авторитетной/нормативной записи | RU\NLR\AUTH\770237461 |
| 712 02 - НАИМЕНОВАНИЕ ОРГАНИЗАЦИИ - ВТОРИЧНАЯ ОТВЕТСТВЕННОСТЬ | |
| Начальный элемент ввода | Белорусский политехнический институт |
| Структурное подразделение | Кафедра высшей математики |
| Идентифицирующий признак | Минск |
| -- | 2 |
| Системный номер авторитетной/нормативной записи | 363957 |
| Идентификатор авторитетной/нормативной записи | RU\NLR\AUTH\889934431 |
| 801 #0 - ИСТОЧНИК ЗАПИСИ | |
| Страна | Российская Федерация |
| Организация | NLR |
| Правила каталогизации | psbo |
| 801 #1 - ИСТОЧНИК ЗАПИСИ | |
| Страна | Российская Федерация |
| Организация | ELAR |
| Источник данных | rusmarc |
| 852 ## - МЕСТОНАХОЖДЕНИЕ И ШИФР ХРАНЕНИЯ | |
| Идентификатор организации | NLR |
| Шифр хранения (Call Number) | 87-4/19966 |
| 942 ## - ДОПОЛНИТЕЛЬНЫЕ ЭЛЕМЕНТЫ ЗАПИСИ (АБИС) | |
| Тип экземпляра АБИС | Книга |
Нет доступных экземпляров.